[Event "Florianopolis op 8th"]
[Site "Florianopolis"]
[Date "2022.01.29"]
[Round "9"]
[White "Dos Santos, Rafael Goncalves"]
[Black "Andrade, Moacir Belarmino F"]
[Result "1-0"]
[WhiteElo "1794"]
[BlackElo "1478"]
[PlyCount "95"]
[EventDate "2022.01.24"]
[EventType "swiss"]
[EventRounds "10"]
[EventCountry "BRA"]
[SourceTitle "EXT 2023"]
[Source "ChessBase"]
[SourceDate "2022.10.05"]
[SourceVersion "1"]
[SourceVersionDate "2022.10.05"]
[SourceQuality "1"]

1. e4 e5 2. Nc3 Nf6 3. f4 d6 4. Nf3 Bg4 5. h3 Bxf3 6. Qxf3 a6 7. Bc4 Be7 8. 0-0 0-0 9. d3 Nc6 10. a3 Nd4 11. Qd1 c6 12. Ne2 Nxe2+ 13. Qxe2 Qc7 14. fxe5 dxe5 15. Bg5 Ne8 16. Be3 Qd6 17. Rf5 Nc7 18. Raf1 Ne6 19. Qg4 Nf4 20. g3 h5 21. Qd1 g6 22. gxf4 gxf5 23. Qxh5 Kg7 24. Kh1 Qh6 25. Rg1+ Kh7 26. Qxf5+ Kh8 27. fxe5 Qh7 28. d4 Qxf5 29. exf5 Rg8 30. Bxf7 Rxg1+ 31. Kxg1 Kg7 32. Be6 Bh4 33. Kg2 Bd8 34. Kf3 Bb6 35. Kg4 Rd8 36. c3 Rh8 37. Bg5 Bd8 38. f6+ Kf8 39. h4 b5 40. Kf5 a5 41. Kg6 b4 42. Bh6+ Ke8 43. Kg7 Rf8 44. Bd7+ Kxd7 45. Kxf8 Ke6 46. Ke8 Bxf6 47. exf6 Kxf6 48. Kd7 1-0

[Event "Florianopolis op 8th"]
[Site "Florianopolis"]
[Date "2022.01.27"]
[Round "6"]
[White "Dos Santos, Rafael Goncalves"]
[Black "Cesarini da Silva, Leonardo"]
[Result "0-1"]
[WhiteElo "1794"]
[BlackElo "2011"]
[PlyCount "94"]
[EventDate "2022.01.24"]
[EventType "swiss"]
[EventRounds "10"]
[EventCountry "BRA"]
[SourceTitle "CBM 206 Extra"]
[Source "ChessBase"]
[SourceDate "2022.03.31"]
[SourceVersion "1"]
[SourceVersionDate "2022.03.31"]
[SourceQuality "1"]

1. e4 c5 2. Nf3 d6 3. d4 cxd4 4. c3 Nf6 5. Qxd4 Nc6 6. Bb5 Bd7 7. Qd3 g6 8. 0-0 Bg7 9. Rd1 0-0 10. Nbd2 Ng4 11. Qe2 Qb6 12. h3 Nxf2 13. Qxf2 Qxb5 14. Nb3 Qa4 15. Qe2 Rac8 16. Bg5 f5 17. e5 Qe4 18. Qf2 Nxe5 19. Nxe5 Bxe5 20. Bxe7 Bh2+ 21. Kxh2 Qxe7 22. Qd4 Rf6 23. Re1 Re6 24. Qd5 Kf8 25. Qd2 Re8 26. Rxe6 Qxe6 27. Rd1 Qe5+ 28. Kh1 Bc6 29. Qxd6+ Qxd6 30. Rxd6 Re2 31. Rd2 Bxg2+ 32. Kh2 Rxd2 33. Nxd2 Bc6 34. Kg3 Ke7 35. c4 Kf6 36. b4 a6 37. Nb3 Ke5 38. h4 h6 39. Kf2 g5 40. hxg5 hxg5 41. Nc5 f4 42. a4 g4 43. b5 axb5 44. cxb5 Bd5 45. a5 g3+ 46. Kg1 f3 47. Nxb7 f2+ 0-1

[Event "Florianopolis op 8th"]
[Site "Florianopolis"]
[Date "2022.01.27"]
[Round "5"]
[White "Souza, Neurismar da Rocha"]
[Black "Dos Santos, Rafael Goncalves"]
[Result "0-1"]
[WhiteElo "1490"]
[BlackElo "1794"]
[PlyCount "78"]
[EventDate "2022.01.24"]
[EventType "swiss"]
[EventRounds "10"]
[EventCountry "BRA"]
[SourceTitle "CBM 206 Extra"]
[Source "ChessBase"]
[SourceDate "2022.03.31"]
[SourceVersion "1"]
[SourceVersionDate "2022.03.31"]
[SourceQuality "1"]

1. d4 f5 2. Nf3 Nf6 3. b3 b6 4. Bb2 Bb7 5. e3 d6 6. Be2 Nbd7 7. Nbd2 e6 8. 0-0 Be7 9. Ng5 Nf8 10. Bc4 d5 11. Bb5+ c6 12. Be2 h6 13. Ngf3 N8d7 14. Ne5 Nxe5 15. dxe5 Ne4 16. Bh5+ Kd7 17. c4 Rc8 18. Rc1 Nxd2 19. Qxd2 Kc7 20. cxd5 exd5 21. Rfd1 Kb8 22. a4 a5 23. Qd4 Bc5 24. Qf4 Qg5 25. Bf7 Qxf4 26. exf4 Rcd8 27. e6 d4 28. Re1 Be7 29. Re5 c5 30. f3 Rd5 31. Kf2 Rxe5 32. fxe5 Bd5 33. b4 axb4 34. Ke2 Rd8 35. Bg6 Bxe6 36. Ra1 c4 37. a5 d3+ 38. Kd1 c3 39. Bc1 c2+ 0-1

[Event "Aldeia de Barueri op"]
[Site "Aldeia de Barueri"]
[Date "2017.08.05"]
[Round "3"]
[White "Boabaid, Jorge Alberto Duard"]
[Black "Dos Santos, Rafael Goncalves"]
[Result "1-0"]
[WhiteElo "1823"]
[BlackElo "1857"]
[PlyCount "99"]
[EventDate "2017.08.04"]
[EventType "swiss"]
[EventRounds "6"]
[EventCountry "BRA"]
[SourceTitle "CBM 180 Extra"]
[Source "ChessBase"]
[SourceDate "2017.10.06"]
[SourceVersion "1"]
[SourceVersionDate "2017.10.06"]
[SourceQuality "1"]

1. e4 c6 2. d4 d5 3. Nc3 dxe4 4. Nxe4 Bf5 5. Ng3 Bg6 6. h4 h6 7. Nf3 Nd7 8. h5 Bh7 9. Bd3 Bxd3 10. Qxd3 Ngf6 11. Bf4 e6 12. 0-0-0 Be7 13. Kb1 Qb6 14. Ne5 Nxe5 15. Bxe5 Rd8 16. Ne4 c5 17. Qf3 Nxe4 18. Qxe4 f5 19. Qe3 0-0 20. Qg3 Bf6 21. Bc7 Qb5 22. Bxd8 Rxd8 23. Qb3 Qxb3 24. axb3 cxd4 25. f4 Kf7 26. Rd3 b5 27. Rhd1 Rc8 28. c3 dxc3 29. bxc3 Rxc3 30. Rxc3 Bxc3 31. Rd7+ Kf6 32. Kc2 Be1 33. Rxa7 Bg3 34. Rb7 Bxf4 35. Rxb5 Kg5 36. Rb6 Kg4 37. Rxe6 Kg3 38. Rg6+ Bg5 39. Rxg7 Kxg2 40. Rxg5+ hxg5 41. h6 f4 42. h7 f3 43. h8Q f2 44. Qa8+ Kg1 45. Qa7 Kg2 46. Qb7+ Kg1 47. Qb6 g4 48. Qe3 Kg2 49. Qe4+ Kg3 50. Qh1 1-0